| 000 | 00000nam 2200000zi 4500 |
| 001 | 9.902533 |
| 003 | CaOODSP |
| 005 | 20250218144825 |
| 006 | m o d f |
| 007 | cr |n||||||||| |
| 008 | 210813e20210629oncad ob f000 0 fre d |
| 020 | |a9780660400389 |
| 040 | |aCaOODSP|bfre|erda|cCaOODSP |
| 043 | |an-cn--- |
| 086 | 1 |aH22-4/26-2021F-PDF |
| 100 | 1 |aFalk, Will, |eauteur. |
| 245 | 12|aL'état des soins virtuels au Canada à la troisième vague de la pandémie de COVID-19 : |bdiagnostic précoce et recommandations en matière de politique / |cWill Falk. |
| 264 | 1|aOttawa (Ontario) : |bSanté Canada = Health Canada, |caoût 2021. |
| 264 | 4|c©2021 |
| 300 | |a1 ressource en ligne (95 pages) : |billustrations, graphiques |
| 336 | |atexte|btxt|2rdacontent/fre |
| 337 | |ainformatique|bc|2rdamedia/fre |
| 338 | |aressource en ligne|bcr|2rdacarrier/fre |
| 500 | |aPublié aussi en anglais sous le titre : The state of virtual care in Canada as of wave three of the COVID-19 pandemic : an early diagnostique and policy recommendations. |
| 504 | |aComprend des références bibliographiques (pages 91-92). |
| 650 | 6|aRéalité virtuelle en médecine|zCanada. |
| 650 | 6|aSoins médicaux|xInnovations|zCanada. |
| 650 | 6|aPandémie de COVID-19, 2020-2023|xAspect sanitaire|zCanada. |
| 710 | 1 |aCanada. |bSanté Canada, |eorganisme de publication. |
| 775 | 08|tThe state of virtual care in Canada as of wave three of the COVID-19 pandemic : |w(CaOODSP)9.902532 |
| 856 | 40|qPDF|s2.85 Mo|uhttps://publications.gc.ca/collections/collection_2021/sc-hc/H22-4-26-2021-fra.pdf |
| 986 | |aPub. : 210252 |